00417nam a2200109Ia 4500008004100000082000800041100001600049245012300065942000600188952009800194999001500292240331s9999 xx 000 0 und d bASG aAsghar, S.M 0aCamel Jockeys of Rahimyar Khan :bfinding of aparticipatory resesarch on the life and situation of child camel jockeys cL 001040708LaWERCLbWERCLcSSCd2024-03-31l0o 363.44 ASGp5506r2024-03-31w2024-03-31yL c4180d4180